LEADER 01002nam a2200241 i 4500 001 000000172113 003 CaOOAMICUS 005 20090223000000.0 008 090223s1997 it u000 u ita u 013 $a149551 020 $a88-263-1187-0 040 $aSeMil$bita 100 1 $aSecondin, Bruno <1940- >.$0(OLS)http://semarc/name/89102 245 13$aLa spiritualità nei ritmi del tempo :$balla soglia del terzo millennio /$cBruno Secondin. 260 $aRoma :$bBorla,$c[1997] 300 $a333 p. ;$c20 cm. 650 4$aSpiritualità - Prospettive - Sec. 21.$0(OLS)http://semarc/subject/18672 850 $aSeMil 852 $aSeMil$W1$xVenegono$y1$m2C I 571$j122975$B122975$CSeMilBibl$Z2$F139854 $81 961 $aAcquisto: DEA 996 $6020$a88-263-1187-0$9(OLS)http://semarc/number/159426 996 $6245$aLa spiritualità nei ritmi del tempo :$balla soglia del terzo millennio$9(OLS)http://semarc/title/246389 996 $6260$aRoma :$bBorla$9(OLS)http://semarc/publisher/29677 LEADER 01226nam a2200301 i 4500 001 000000048656 003 CaOOAMICUS 005 20091203000000.0 008 091203s1994 bl u000 u spa u 013 $a19826 020 $a85-326-1176-1 040 $aSeMil$bita 245 12$aA presença da Igreja na cidade /$corganizadores: Alberto Antoniazzi, Cleto Caliman. 250 $a2. ed. 260 $aPetrópolis :$bVozes,$c1994. 300 $a110 p. ;$c21 cm. 490 0 $aIgreja do Brasil 650 4$aTeologia pastorale - Parrocchia.$0(OLS)http://semarc/subject/7335 650 4$aCittà - Aspetti religiosi.$0(OLS)http://semarc/subject/10174 700 1 $aCaliman, Cleto.$0(OLS)http://semarc/name/24082 700 1 $aAntoniazzi, Alberto <1937- >.$0(OLS)http://semarc/name/24081 830 0$aIgreja do Brasil.$0(OLS)http://semarc/title/5948 850 $aSeMil 852 $aSeMil$W1$xVenegono$y1$m2B VI 208$j14811$B14811$CSeMilBibl$Z2$F14811 $81 961 $aAcquisto: Distributore 996 $6020$a85-326-1176-1$9(OLS)http://semarc/number/21811 996 $6245$aA presença da Igreja na cidade$9(OLS)http://semarc/title/73657 996 $6260$aPetrópolis :$bVozes$9(OLS)http://semarc/publisher/30884